[Event "Winnipeg TNT September"]
[Site "Winnipeg"]
[Date "2011.09.27"]
[Round "4"]
[White "Li, Kevin"]
[Black "Milord, Frank"]
[Result "1-0"]
[WhiteElo "2182"]
[BlackElo "1650"]
[PlyCount "23"]
[EventDate "2011.09.06"]
[EventType "swiss"]
[EventRounds "4"]
[EventCountry "CAN"]
[SourceTitle "EXT 2023"]
[Source "ChessBase"]
[SourceDate "2022.10.05"]
[SourceVersion "1"]
[SourceVersionDate "2022.10.05"]
[SourceQuality "1"]

1. e4 c5 2. Nf3 Nc6 3. d4 cxd4 4. Nxd4 Nf6 5. Nc3 e5 6. Ndb5 d6 7. Bg5 a6 8. Bxf6 gxf6 9. Na3 b5 10. Nd5 f5 11. c3 Ne7 12. Nf6# 1-0

[Event "Winnipeg TNT September"]
[Site "Winnipeg"]
[Date "2011.09.13"]
[Round "2"]
[White "Trueman, Francis"]
[Black "Milord, Frank"]
[Result "1/2-1/2"]
[WhiteElo "1495"]
[BlackElo "1650"]
[PlyCount "82"]
[EventDate "2011.09.06"]
[EventType "swiss"]
[EventRounds "4"]
[EventCountry "CAN"]
[SourceTitle "EXT 2023"]
[Source "ChessBase"]
[SourceDate "2022.10.05"]
[SourceVersion "1"]
[SourceVersionDate "2022.10.05"]
[SourceQuality "1"]

1. Nf3 d5 2. d3 c5 3. g3 Nc6 4. Nbd2 e6 5. Bg2 Bd6 6. 0-0 Nge7 7. c3 0-0 8. Re1 Rb8 9. e4 f6 10. a4 b5 11. axb5 Rxb5 12. Qe2 Qc7 13. exd5 exd5 14. d4 c4 15. h4 Kh8 16. Ra4 Na5 17. Nh2 Bf5 18. Qf3 Bc2 19. Ra2 Nb3 20. Nxb3 Bxb3 21. Ra6 Bc2 22. Re6 Rb6 23. Rxb6 axb6 24. Bh3 Be4 25. Qe3 Nf5 26. Bxf5 Bxf5 27. Re8 Be4 28. Rxf8+ Bxf8 29. f4 Bd6 30. Nf1 Qd7 31. Kh2 Qg4 32. Nd2 f5 33. Qf2 b5 34. Nf1 Qd1 35. Be3 Bf3 36. Bd2 Kg8 37. Qe1 Qe2+ 38. Qxe2 Bxe2 39. Ne3 Bf3 40. Nxf5 Bf8 41. Kg1 Kf7 1/2-1/2

[Event "Winnipeg TNT January op"]
[Site "Winnipeg"]
[Date "2011.01.25"]
[Round "4"]
[White "Milord, Frank"]
[Black "Mundwiler, Les"]
[Result "0-1"]
[WhiteElo "1661"]
[BlackElo "2029"]
[PlyCount "56"]
[EventDate "2011.01.04"]
[EventType "swiss"]
[EventRounds "4"]
[EventCountry "CAN"]
[SourceTitle "EXT 2022"]
[Source "ChessBase"]
[SourceDate "2021.10.06"]
[SourceVersion "1"]
[SourceVersionDate "2021.10.06"]
[SourceQuality "1"]

1. d4 d5 2. c4 e6 3. Nf3 c5 4. cxd5 exd5 5. a3 Nc6 6. e3 a6 7. Be2 Nf6 8. Nc3 Bd6 9. 0-0 0-0 10. dxc5 Bxc5 11. b4 Ba7 12. Qc2 Qe7 13. h3 Ne5 14. Nd4 Be6 15. Nxe6 fxe6 16. Bb2 Rac8 17. Qb3 Nc4 18. Rad1 Nxb2 19. Qxb2 Bb8 20. g3 Be5 21. Rd3 Ne4 22. Nxd5 exd5 23. Qb3 Qf7 24. Qxd5 Qxd5 25. Rxd5 Bb2 26. Rd3 b5 27. Kg2 Rc2 28. Bf3 Rxf3 0-1

[Event "Winnipeg Shpan Memorial"]
[Site "Winnipeg"]
[Date "2010.11.02"]
[Round "1"]
[White "Milord, Frank"]
[Black "Arzhang, Ahmed"]
[Result "0-1"]
[WhiteElo "1669"]
[BlackElo "1321"]
[PlyCount "68"]
[EventDate "2010.11.02"]
[EventType "swiss"]
[EventRounds "6"]
[EventCountry "CAN"]
[SourceTitle "EXT 2022"]
[Source "ChessBase"]
[SourceDate "2021.10.06"]
[SourceVersion "1"]
[SourceVersionDate "2021.10.06"]
[SourceQuality "1"]

1. e4 c5 2. Nf3 Nc6 3. d4 cxd4 4. Nxd4 Nf6 5. Nc3 e5 6. Ndb5 d6 7. Bg5 a6 8. Na3 b5 9. Nd5 Be7 10. Bxf6 gxf6 11. c3 Be6 12. Nc2 f5 13. Bd3 Rc8 14. 0-0 Bf6 15. a4 fxe4 16. Bxe4 bxa4 17. Rxa4 Bxd5 18. Bxd5 a5 19. Ne3 Ne7 20. Qf3 Nxd5 21. Nxd5 Bg7 22. Rg4 Kf8 23. Rd1 h5 24. Re4 Rc5 25. Ra4 Qe8 26. Nf6 Qxa4 27. Qa8+ Ke7 28. Nd5+ Rxd5 29. Qxd5 Rd8 30. f4 Qc2 31. Rd2 Qc1+ 32. Kf2 Qh1 33. c4 Qxh2 34. Kf3 Qxf4+ 0-1

[Event "Winnipeg TNT October op"]
[Site "Winnipeg"]
[Date "2010.10.26"]
[Round "4"]
[White "Hassain, Mahmud"]
[Black "Milord, Frank"]
[Result "1-0"]
[WhiteElo "1894"]
[BlackElo "1699"]
[PlyCount "69"]
[EventDate "2010.10.05"]
[EventType "swiss"]
[EventRounds "4"]
[EventCountry "CAN"]
[SourceTitle "EXT 2022"]
[Source "ChessBase"]
[SourceDate "2021.10.06"]
[SourceVersion "1"]
[SourceVersionDate "2021.10.06"]
[SourceQuality "1"]

1. e4 d6 2. d4 Nf6 3. f3 g6 4. Bg5 Bg7 5. Qd2 0-0 6. c3 c5 7. d5 Nbd7 8. Nh3 Rb8 9. a4 a6 10. Nf2 Re8 11. Be2 b5 12. 0-0 b4 13. a5 Ne5 14. cxb4 Rxb4 15. Nc3 Nc4 16. Bxc4 Rxc4 17. Nd3 Nd7 18. Qc2 Bd4+ 19. Kh1 Ne5 20. Nc1 Bd7 21. f4 Ng4 22. Qe2 Rb4 23. N1a2 Rb3 24. Nc1 Rb4 25. Nd3 Rb3 26. e5 Qb8 27. e6 fxe6 28. Qxg4 Kf7 29. dxe6+ Bxe6 30. f5 Bxf5 31. Rxf5+ gxf5 32. Qxf5+ Kg7 33. Nf4 Bxc3 34. bxc3 e6 35. Nh5+ 1-0

[Event "Winnipeg TNT August op"]
[Site "Winnipeg"]
[Date "2010.08.17"]
[Round "3"]
[White "Milord, Frank"]
[Black "Rutter, Blair A"]
[Result "1-0"]
[WhiteElo "1662"]
[BlackElo "1942"]
[PlyCount "77"]
[EventDate "2010.08.03"]
[EventType "swiss"]
[EventRounds "4"]
[EventCountry "CAN"]
[SourceTitle "EXT 2022"]
[Source "ChessBase"]
[SourceDate "2021.10.06"]
[SourceVersion "1"]
[SourceVersionDate "2021.10.06"]
[SourceQuality "1"]

1. d4 d5 2. c4 c6 3. Nf3 Nf6 4. cxd5 cxd5 5. Nc3 Nc6 6. Bf4 a6 7. e3 e6 8. Ne5 Be7 9. Bd3 0-0 10. 0-0 Nb4 11. Bb1 Nd7 12. a3 Nxe5 13. dxe5 Nc6 14. Qd3 g6 15. Ne2 f6 16. exf6 Bxf6 17. Bh6 Rf7 18. Nd4 e5 19. Nxc6 bxc6 20. Ba2 e4 21. Qc2 Bd7 22. Rfd1 Qb6 23. Rab1 Bh4 24. Bf4 Raf8 25. Rd2 Bf6 26. Bd6 Re8 27. Bc5 Qc7 28. b4 Be5 29. g3 Bh3 30. Qd1 Qc8 31. Rc1 Bg4 32. Qf1 h5 33. Bd4 Bh3 34. Qd1 Bxd4 35. Bxd5 Bxe3 36. Bxf7+ Kxf7 37. Qb3+ Be6 38. Qxe3 Bd5 39. Rxd5 1-0

[Event "Winnipeg TNT July op"]
[Site "Winnipeg"]
[Date "2010.07.20"]
[Round "3"]
[White "Rutter, Blair A"]
[Black "Milord, Frank"]
[Result "1-0"]
[WhiteElo "1912"]
[BlackElo "1666"]
[PlyCount "59"]
[EventDate "2010.07.06"]
[EventType "swiss"]
[EventRounds "4"]
[EventCountry "CAN"]
[SourceTitle "EXT 2022"]
[Source "ChessBase"]
[SourceDate "2021.10.06"]
[SourceVersion "1"]
[SourceVersionDate "2021.10.06"]
[SourceQuality "1"]

1. c4 c5 2. g3 g6 3. Bg2 Bg7 4. Nc3 Nc6 5. e4 e6 6. Nge2 Nb4 7. d3 a6 8. Be3 d6 9. 0-0 Ne7 10. f4 f5 11. d4 cxd4 12. Bxd4 e5 13. fxe5 dxe5 14. Bc5 Qxd1 15. Raxd1 Be6 16. Bxb4 Bxc4 17. b3 Be6 18. Rd6 Bd7 19. Rfd1 Bc6 20. Re6 Bf8 21. Rxe5 Rd8 22. Rxd8+ Kxd8 23. Nf4 Bd7 24. exf5 Nc6 25. Bxc6 Bxb4 26. Bxd7 Bxc3 27. Rd5 Ke7 28. fxg6 Rd8 29. Be6 Rxd5 30. Bxd5 1-0

[Event "Winnipeg TNT October op"]
[Site "Winnipeg"]
[Date "2009.10.06"]
[Round "1"]
[White "Milord, Frank"]
[Black "Green, Aaron"]
[Result "0-1"]
[WhiteElo "1636"]
[BlackElo "1976"]
[PlyCount "78"]
[EventDate "2009.10.06"]
[EventType "swiss"]
[EventRounds "4"]
[EventCountry "CAN"]
[SourceTitle "EXT 2011"]
[Source "ChessBase"]
[SourceDate "2010.11.26"]
[SourceVersion "1"]
[SourceVersionDate "2010.11.26"]
[SourceQuality "1"]

1. e4 c5 2. Nf3 e6 3. d4 cxd4 4. Nxd4 Nc6 5. Nc3 Nf6 6. Ndb5 d6 7. Bf4 e5 8. Bg5 a6 9. Na3 Be6 10. Nc4 b5 11. Ne3 Qa5 12. Bxf6 gxf6 13. Ned5 Bxd5 14. Qxd5 Rc8 15. Qd2 Nd4 16. Bd3 h5 17. Nd5 Qxd2+ 18. Kxd2 Be7 19. a4 f5 20. exf5 Bg5+ 21. Kd1 Rc5 22. Nc3 d5 23. axb5 e4 24. Re1 0-0 25. Nxe4 dxe4 26. Rxe4 Rd8 27. f4 Bf6 28. Kc1 Nb3+ 29. Kb1 Nxa1 30. Kxa1 axb5 31. Rb4 Rd4 32. Rxd4 Bxd4 33. h3 h4 34. Ka2 Be3 35. Kb3 Bxf4 36. Kb4 Bd6 37. Kb3 Kg7 38. Be4 Kf6 39. Bd3 Kg5 0-1

[Event "Winnipeg TNT June op"]
[Site "Winnipeg"]
[Date "2009.06.02"]
[Round "1"]
[White "Milord, Frank"]
[Black "Boron, Anthony"]
[Result "1/2-1/2"]
[WhiteElo "1591"]
[BlackElo "1957"]
[PlyCount "43"]
[EventDate "2009.06.02"]
[EventType "swiss"]
[EventRounds "4"]
[EventCountry "CAN"]
[SourceTitle "EXT 2011"]
[Source "ChessBase"]
[SourceDate "2010.11.26"]
[SourceVersion "1"]
[SourceVersionDate "2010.11.26"]
[SourceQuality "1"]

1. e4 c5 2. Nf3 e6 3. d4 cxd4 4. Nxd4 Nf6 5. Nc3 Nc6 6. Be3 Bb4 7. f3 Qa5 8. Qd2 0-0 9. Nb3 Bxc3 10. bxc3 Qd8 11. Bc5 Re8 12. Bd6 a5 13. a4 Kh8 14. e5 Nd5 15. 0-0-0 Qh4 16. g3 Qxa4 17. Kb2 Nxe5 18. Bxe5 Qc6 19. Nd4 Qb6+ 20. Nb5 d6 21. Bd4 Qc6 22. Na7 1/2-1/2

[Event "Winnipeg TNT May op"]
[Site "Winnipeg"]
[Date "2009.05.05"]
[Round "1"]
[White "Schulz, Waldemar"]
[Black "Milord, Frank"]
[Result "1-0"]
[WhiteElo "2059"]
[BlackElo "1574"]
[PlyCount "83"]
[EventDate "2009.05.05"]
[EventType "swiss"]
[EventRounds "4"]
[EventCountry "CAN"]
[SourceTitle "EXT 2011"]
[Source "ChessBase"]
[SourceDate "2010.11.26"]
[SourceVersion "1"]
[SourceVersionDate "2010.11.26"]
[SourceQuality "1"]

1. Nf3 Nf6 2. g3 d5 3. Bg2 b6 4. 0-0 Nbd7 5. d4 Bb7 6. b3 e6 7. Bb2 Bd6 8. Nbd2 0-0 9. Ne5 Qe7 10. Ndf3 Ba3 11. Bxa3 Qxa3 12. c4 c5 13. Qc1 Qxc1 14. Raxc1 Rac8 15. dxc5 Nxc5 16. Nd4 Ba8 17. Rc2 Rfd8 18. e3 Ncd7 19. Nxd7 Rxd7 20. Rfc1 Rdc7 21. Nb5 Rc5 22. Nxa7 R8c7 23. Nb5 Rc8 24. Nd4 g6 25. cxd5 Rxc2 26. Rxc2 Rxc2 27. Nxc2 Bxd5 28. Bxd5 Nxd5 29. Kf1 Kf8 30. Ke1 Ke7 31. Kd2 f5 32. Kd3 Kd6 33. a3 e5 34. Kc4 Kc6 35. Nb4+ Nxb4 36. Kxb4 b5 37. f3 g5 38. a4 bxa4 39. bxa4 h5 40. Kc4 f4 41. exf4 g4 42. fxg4 1-0

[Event "Winnipeg TNT March op"]
[Site "Winnipeg"]
[Date "2009.03.24"]
[Round "4"]
[White "Wiebe, Daniel"]
[Black "Milord, Frank"]
[Result "1-0"]
[WhiteElo "1939"]
[BlackElo "1581"]
[PlyCount "73"]
[EventDate "2009.03.03"]
[EventType "swiss"]
[EventRounds "5"]
[EventCountry "CAN"]
[SourceTitle "EXT 2011"]
[Source "ChessBase"]
[SourceDate "2010.11.26"]
[SourceVersion "1"]
[SourceVersionDate "2010.11.26"]
[SourceQuality "1"]

1. e4 d6 2. d4 Nf6 3. Nc3 g6 4. Nf3 Bg7 5. h3 0-0 6. Be3 c6 7. Qd2 b5 8. a3 a5 9. Bd3 Bb7 10. Bh6 b4 11. Ne2 c5 12. Bxg7 Kxg7 13. Ng3 Qc7 14. axb4 cxb4 15. 0-0 Nbd7 16. c3 bxc3 17. bxc3 d5 18. Rfe1 e6 19. e5 Ng8 20. h4 Nb6 21. h5 Nc4 22. Qg5 Qe7 23. Qxe7 Nxe7 24. hxg6 hxg6 25. Bxc4 dxc4 26. Nd2 Rfc8 27. Reb1 Bd5 28. Rb5 a4 29. Ra3 Nc6 30. Rc5 Rcb8 31. Ngf1 Rb3 32. Nxb3 cxb3 33. Nd2 b2 34. Rb5 Rb8 35. Rxb8 Nxb8 36. Rxa4 Bb3 37. Rb4 1-0

[Event "Winnipeg TNT March op"]
[Site "Winnipeg"]
[Date "2009.03.03"]
[Round "1"]
[White "Lauritson, Jim"]
[Black "Milord, Frank"]
[Result "1-0"]
[WhiteElo "1882"]
[BlackElo "1581"]
[PlyCount "43"]
[EventDate "2009.03.03"]
[EventType "swiss"]
[EventRounds "5"]
[EventCountry "CAN"]
[SourceTitle "EXT 2011"]
[Source "ChessBase"]
[SourceDate "2010.11.26"]
[SourceVersion "1"]
[SourceVersionDate "2010.11.26"]
[SourceQuality "1"]

1. d4 d5 2. c4 c6 3. Nc3 Nf6 4. Nf3 a6 5. e3 e6 6. c5 b6 7. cxb6 Nbd7 8. Bd3 Nxb6 9. 0-0 c5 10. b3 Bb7 11. Ne5 cxd4 12. exd4 Bd6 13. Bg5 0-0 14. f4 Be7 15. Bxf6 Bxf6 16. Rf3 Rc8 17. Bxh7+ Kxh7 18. Rh3+ Bh4 19. Qh5+ Kg8 20. Rxh4 Qxh4 21. Qxh4 Rxc3 22. Qe7 1-0

[Event "Winnipeg TNT September op"]
[Site "Winnipeg"]
[Date "2008.09.23"]
[Round "4"]
[White "Daase, Jason"]
[Black "Milord, Frank"]
[Result "0-1"]
[WhiteElo "1020"]
[BlackElo "1595"]
[PlyCount "44"]
[EventDate "2008.09.02"]
[EventType "swiss"]
[EventRounds "5"]
[EventCountry "CAN"]
[SourceTitle "EXT 2011"]
[Source "ChessBase"]
[SourceDate "2010.11.26"]
[SourceVersion "1"]
[SourceVersionDate "2010.11.26"]
[SourceQuality "1"]

1. e4 d6 2. d4 Nf6 3. Nc3 g6 4. Bc4 Bg7 5. Nf3 0-0 6. 0-0 Nxe4 7. Nxe4 d5 8. Qd3 dxc4 9. Qxc4 Be6 10. Qd3 h6 11. Be3 Na6 12. a3 c6 13. c4 Bf5 14. c5 Nxc5 15. Nf6+ exf6 16. Qc4 Ne4 17. Nd2 Nxd2 18. Bxd2 Be6 19. Qc1 Kh7 20. Re1 f5 21. Re3 Bxd4 22. Rh3 h5 0-1